| 000 | 00526nam a2200181Ia 4500 | ||
|---|---|---|---|
| 008 | 100920s9999 xx 000 0 und d | ||
| 082 |
_b108205 _a539 न 08 |
||
| 100 | _aपाटील विजया. | ||
| 245 | _aवीज बचत. | ||
| 260 |
_bमुक्ता प्रकाशन कोल्हापुर. _c2008 |
||
| 300 |
_a114 _bसाधी |
||
| 365 | _b100 | ||
| 520 | _aशाआ. | ||
| 630 | _aवीज बचत. | ||
| 650 | _aशाआ. | ||
| 730 | _aवीज बचत. | ||
| 942 | _cBOOK | ||
| 999 |
_c748629 _d748626 |
||